00755nam a2200193Ia 4500001001000000003000500010008004100015010001100056040000900067100002700076245016200103260003400265300001000299502011100309650003600420650003300456650002200489710005000511Para_9039CHAP220125s2005 xx 000 0 und d a207817 cCHAP aEstrada Ortíz, Elias aEfecto de cuatro fechas de siembra sobre la incidencia de insectos fitófagos en frijol, en la región de Texcoco, México /c por Elías Estrada Ortíz aChapingo, Méx. :b el autor a76 h. aTesis (Ingeniero Agronómo Esp. Parasitología Agrícola) UACh. Depertamento Parasitología Agrícola aControl biológico de insectos aFrijol x fechas de siembra  aFrijol x plagas  aUACh. Departamento Parasitología Agrícola